| Tag |
First Indicator |
Second Indicator |
Subfields |
| LEADER |
00000cam a2200000 a 4500 |
| 001 |
in00001172002 |
| 005 |
20151001081437.0 |
| 008 |
940103s1993 dcuab f000 0 eng d |
| 010 |
|
|
|a gp 94072168
|
| 035 |
|
|
|a (OCoLC)29569505
|
| 035 |
|
|
|9 AGF3246AM
|
| 040 |
|
|
|a GPO
|c GPO
|d DLC
|d UtOrBLW
|
| 043 |
|
|
|a n-us---
|
| 074 |
|
|
|a 0631
|
| 086 |
0 |
|
|a I 53.2:G 51/4
|
| 088 |
|
|
|a BLM/WY/ST-93/005-4340
|
| 245 |
0 |
0 |
|a Bureau of Land Management Global Change Research Program.
|
| 264 |
|
1 |
|a [Washington, D.C.?] :
|b U.S. Dept. of the Interior, Bureau of Land Management,
|c [1993?]
|
| 300 |
|
|
|a 13 pages :
|b illustrations (some color), map ;
|c 28 cm.
|
| 336 |
|
|
|a text
|b txt
|2 rdacontent
|
| 337 |
|
|
|a unmediated
|b n
|2 rdamedia
|
| 338 |
|
|
|a volume
|b nc
|2 rdacarrier
|
| 500 |
|
|
|a Shipping list number: 93-0687-P.
|
| 500 |
|
|
|a "BLM/WY/ST-93/005-4340"--P. [2].
|
| 610 |
1 |
0 |
|a United States.
|b Bureau of Land Management.
|
| 710 |
1 |
|
|a United States.
|b Bureau of Land Management.
|
| 999 |
|
|
|a MARS
|
| 999 |
f |
f |
|s e409e991-3fe0-3c66-be0a-24b820c60da4
|i 46de887e-da86-3947-a774-03b33dd2718a
|t 0
|
| 952 |
f |
f |
|p normal
|a Texas A&M University
|b College Station
|c Sterling C. Evans Library
|d Evans: US Documents (Annex 5th floor)
|t 0
|e I 53.2:G 51/4
|h Superintendent of Documents classification
|i unmediated -- volume
|m A14818922108
|
| 998 |
f |
f |
|a I 53.2:G 51/4
|t 0
|l Evans: US Documents (Annex 5th floor)
|